Anything but India Quiz Stats

Quiz Updated Oct 21, 2015

Challenge
Share
Tweet
Embed
Score 0/45 Timer 07:00
0 Plays Today
Hint Answer % Correct
Have Wild TigersChina
96.1%
Border MyanmarChina
96%
Have Wild TigersRussia
95.8%
Are One Of Top 10 Largest By AreaRussia
95.3%
Start With IIndonesia
95.1%
Have A Currency Called Rupee/RupiahIndonesia
95.1%
Have Wild TigersIndonesia
94.8%
Are One Of Top 10 Largest By AreaChina
94.5%
Are One Of Top 10 Largest By AreaUnited States
93.9%
Are One Of Top 10 Largest By AreaCanada
92.8%
Start With IIran
88.7%
Are One Of Top 10 Largest By AreaBrazil
88.5%
Start With IIraq
88.3%
Have A Currency Called Rupee/RupiahPakistan
87.9%
Have A Currency Called Rupee/RupiahNepal
84.9%
Have More Than 20% Hindu PopulationNepal (80%)
84.9%
Have Wild TigersNepal
84.8%
Have Wild TigersThailand
84.7%
Border MyanmarThailand
84.2%
Have Wild TigersBangladesh
83.5%
Border MyanmarBangladesh
83.3%
Are One Of Top 10 Largest By AreaAustralia
83.2%
Start With IIceland
82.3%
Hint Answer % Correct
Have Wild TigersLaos
81.8%
Start With IIreland
81.3%
Border MyanmarLaos
81.3%
Have Wild TigersVietnam
80%
Have Wild TigersCambodia
76.4%
Have A Currency Called Rupee/RupiahSri Lanka
75.9%
Start With IItaly
73.4%
Have Wild TigersMalaysia
71%
Have Wild TigersBhutan
70.9%
Have More Than 20% Hindu PopulationBhutan (27%)
70.5%
Have Wild TigersMyanmar
69.9%
Are One Of Top 10 Largest By AreaArgentina
69.7%
Start With IIsrael
66.2%
Are One Of Top 10 Largest By AreaKazakhstan
63.1%
Are One Of Top 10 Largest By AreaAlgeria
49.9%
Have A Currency Called Rupee/RupiahMaldives
46.4%
Have A Currency Called Rupee/RupiahSeychelles
31.9%
Have A Currency Called Rupee/RupiahMauritius
29.2%
Have More Than 20% Hindu PopulationMauritius (50%)
29.1%
Have More Than 20% Hindu PopulationFiji (27.9%)
24%
Have More Than 20% Hindu PopulationGuyana (28.8%)
14.3%
Have More Than 20% Hindu PopulationSuriname (22%)
14%

You're not logged in!

Compare scores with friends on all Sporcle quizzes.
Sign Up with Email
OR
Log In

You Might Also Like...

Show Comments

Extras

Top Quizzes Today


Score Distribution

Your Account Isn't Verified!

In order to create a playlist on Sporcle, you need to verify the email address you used during registration. Go to your Sporcle Settings to finish the process.